| Tag |
First Indicator |
Second Indicator |
Subfields |
| LEADER |
00000cam a2200000 a 4500 |
| 001 |
in00001681421 |
| 005 |
20151024130453.0 |
| 008 |
020329s2002 inuabc 000 0 eng d |
| 035 |
|
|
|a (OCoLC)ocm49421963
|
| 040 |
|
|
|a OUN
|c OUN
|d TXA
|d UtOrBLW
|
| 043 |
|
|
|a n-us---
|a e-fr---
|
| 049 |
|
|
|a TXAM
|
| 090 |
|
|
|a D570.9
|b .S67 2002
|
| 100 |
1 |
|
|a Spring, Harry,
|d 1888-
|
| 245 |
1 |
3 |
|a An engineer's diary of the great war /
|c edited by Terry M. Bareither.
|
| 264 |
|
1 |
|a West Lafayette, Ind. :
|b Purdue University Press,
|c [2002]
|
| 264 |
|
4 |
|c ©2002
|
| 300 |
|
|
|a vii, 259 pages :
|b illustrations, maps, portraits ;
|c 24 cm.
|
| 336 |
|
|
|a text
|b txt
|2 rdacontent
|
| 337 |
|
|
|a unmediated
|b n
|2 rdamedia
|
| 338 |
|
|
|a volume
|b nc
|2 rdacarrier
|
| 610 |
2 |
0 |
|a Spring, Harry,
|d (1888-1974)
|v Diaries.
|
| 650 |
|
0 |
|a World War, 1914-1918
|v Personal narratives, American.
|
| 650 |
|
0 |
|a World War, 1914-1918
|z France
|v Personal narratives, American.
|
| 650 |
|
0 |
|a Military engineers
|z United States
|v Diaries.
|
| 700 |
1 |
|
|a Bareither, Terry M.
|
| 948 |
|
|
|a cataloged
|b h
|c 2002/5/3
|d c
|e dmitchel
|f 11:08:32 am
|
| 994 |
|
|
|a E0
|b TXA
|
| 999 |
|
|
|a MARS
|
| 999 |
f |
f |
|s cb7aff5a-533d-306a-a3b8-0b28053d42f0
|i 5b34c850-5a68-3480-a3f1-50a3cbffccd0
|t 0
|
| 952 |
f |
f |
|p normal
|a Texas A&M University
|b College Station
|c Sterling C. Evans Library
|d Evans: Library Stacks
|t 0
|e D570.9 .S67 2002
|h Library of Congress classification
|i unmediated -- volume
|m A14828903685
|
| 998 |
f |
f |
|a D570.9 .S67 2002
|t 0
|l Evans: Library Stacks
|